| 000 | 00352nam a2200133 a 4500 | ||
|---|---|---|---|
| 005 | 20140513081052.0 | ||
| 008 | 030203s19uu xx 00 eng d | ||
| 050 |
_aP 553.7 _bANY 2000 |
||
| 245 |
_aMga anyong-tubig : _b(water formations). |
||
| 260 |
_bMabuhay Boardgames, _c2000. |
||
| 300 | _aPoster | ||
| 650 | _aWater forms--Poster | ||
| 999 |
_c116360 _d116360 |
||